Estudio de impacto ambiental. Proyecto de riego Arenal-Tempisque: Fase II Efectos en el Parque Nacional Palo Veerde
En esta II Etapa del Proyecto de Riego Arenal-Tempisque se pretende evaluar los efectos ambiental, socioeconómicos y culturales sobre el Parque Nacional Palo Verde ubicado en los cantones de Bagaces y Carrillo en la Provincia de Guanacaste el cual tiene como fin beneficiar loa asentamientos campesi...
Salvato in:
| Altri autori: | |
|---|---|
| Natura: | testo |
| Lingua: | Spanish |
| Pubblicazione: |
San José:
UCR. FCS. IIS
sin fecha
|
| Soggetti: | |
| Tags: |
Aggiungi Tag
Nessun Tag, puoi essere il primo ad aggiungerne!!
|
MARC
| LEADER | 00000 a a2200000 04500 | ||
|---|---|---|---|
| 001 | 7917 | ||
| 003 | cru CIDCACS/IIS | ||
| 005 | 20230509152952.0 | ||
| 008 | 230206bs.f cr ||||| |||| 00| 0 spa d | ||
| 040 | |c cru CIDCACS/ IIS | ||
| 090 | |a 16.03.04 E82e | ||
| 245 | |a Estudio de impacto ambiental. |b Proyecto de riego Arenal-Tempisque: Fase II Efectos en el Parque Nacional Palo Veerde |c Instituto de Investigaciones Sociales (IIS/UCR) | ||
| 260 | |a San José: |b UCR. FCS. IIS |c sin fecha | ||
| 300 | |a 26 páginas | ||
| 520 | |a En esta II Etapa del Proyecto de Riego Arenal-Tempisque se pretende evaluar los efectos ambiental, socioeconómicos y culturales sobre el Parque Nacional Palo Verde ubicado en los cantones de Bagaces y Carrillo en la Provincia de Guanacaste el cual tiene como fin beneficiar loa asentamientos campesinos de IDA y finquero de la Zona. Se analizarán las medidas de mitigación, control y monitoreo aplicados e identificar nuevas acciones en el marco de la II etapa del proyecto de riego. Proponer medidas de prevención, mitigación, control y compensación de los posibles efectos deribvados del desarrollo de la II etapa del Proyecto y se darán las recomendaciones sobre los indicadores ambientales a utilizar para dar continuidad al estudio de impacto ambiental, incluyendo el sistema de monitoreo a utilizar. | ||
| 650 | |a CAMPESINADO | ||
| 650 | |a POBLACION AGRICOLA | ||
| 650 | |a RIEGO | ||
| 650 | |a SEMINARIOS | ||
| 650 | 0 | |a EVALUACION DEL IMPACTO AMBIENTAL |9 5836 | |
| 650 | |a ZONAS RURALES | ||
| 650 | |a PRODUCCION | ||
| 650 | |a USO DE LA TIERRA | ||
| 650 | |a CREDITOS | ||
| 700 | |a coord | ||
| 942 | |2 z |c LITG |h 16.03.04 E82e |i 21935 |6 160304_E82E_21935 | ||
| 999 | |c 44710 |d 44710 | ||
